UBT Library

Money and capital markets : (Record no. 969)

000 -LEADER
fixed length control field 00552nam a22001937a 4500
008 - FIXED-LENGTH DATA ELEMENTS--GENERAL INFORMATION
fixed length control field 150602b xxu||||| |||| 00| 0 eng d
020 ## - INTERNATIONAL STANDARD BOOK NUMBER
International Standard Book Number 0072310022
020 ## - INTERNATIONAL STANDARD BOOK NUMBER
International Standard Book Number 0071169806
041 0# - LANGUAGE CODE
Language code of text/sound track or separate title eng
080 ## - UNIVERSAL DECIMAL CLASSIFICATION NUMBER
Universal Decimal Classification number 336
100 1# - Rafti
Rafti Rose, Peter S.
245 10 - TITLE STATEMENT
Title Money and capital markets :
Statement of responsibility, etc Peter S. Rose.
250 ## -
-- 7th ed.
260 ## -
-- Boston, Mass. :
-- Irwin McGraw-Hill,
-- 2000.
300 ## -
-- 836 f. :
-- me il.;
-- 26 cm.
650 #0 -
-- Financë
650 #0 -
-- Paraja
942 ## - ADDED ENTRY ELEMENTS (KOHA)
Source of classification or shelving scheme
Item type Books
Holdings
Withdrawn status Lost status Source of classification or shelving scheme Damaged status Not for loan Collection code Permanent location Current location Shelving location Date acquired Total Checkouts Full call number Date last seen Price effective from Koha item type
          Koleksioni i përgjithshem UBT - Prishtine UBT - Prishtine Koleksioni i përgjithshem 06/02/2015   336 ROS 06/02/2015 06/02/2015 Books
UBT Library © 2015-2024. All rights reserved University Education for Business and Technology